[Event "16e Open International - Réunion"]
[Site "Saint-Denis (974)"]
[Date "2014.10.25"]
[Round "9"]
[White "Sandjivy, Vivien"]
[Black "Sandjivy, Mateo"]
[Result "1-0"]
[WhiteElo "1220"]
[BlackElo "1432"]
[PlyCount "71"]
[EventDate "2014.??.??"]

1. Nf3 d5 2. d4 Bf5 3. Bf4 e6 4. e3 Nf6 5. Nc3 Bb4 6. a3 Bxc3+ 7. bxc3 Ne4 8.
Qb1 b6 9. c4 c6 10. cxd5 cxd5 11. Bb5+ Nd7 12. Ne5 Nef6 13. Bc6 Rc8 14. Qb5
Bxc2 15. Nxd7 Nxd7 16. Rc1 a6 17. Bxd7+ Qxd7 18. Qxb6 O-O 19. Qxa6 Bd3 20. Rxc8
Bxa6 21. Rxf8+ Kxf8 22. Kd2 Qa4 23. Bd6+ Ke8 24. Rc1 Qa5+ 25. Kd1 Kd7 26. Bc5
Qb5 27. Kc2 Qd3+ 28. Kb2 Bc4 29. Rc3 Qd2+ 30. Rc2 Qd1 31. a4 Bd3 32. Rc1 Qd2+
33. Rc2 Qxc2+ 34. Ka3 Qxa4+ 35. Kxa4 Bb5+ 36. Kxb5 1-0

[Event "16e Open International - Réunion"]
[Site "Saint-Denis (974)"]
[Date "2014.10.25"]
[Round "9"]
[White "Etheve, Loic"]
[Black "Caminade, Lionel"]
[Result "1-0"]
[WhiteElo "1399"]
[BlackElo "1240"]
[PlyCount "39"]
[EventDate "2014.??.??"]

1. e4 c6 2. Bc4 d5 3. Bb3 dxe4 4. Qh5 e6 5. Nc3 Nf6 6. Qh4 Be7 7. Nxe4 Nbd7 8.
d4 Nf8 9. c3 Ng6 10. Nxf6+ Bxf6 11. Qe4 O-O 12. Nf3 h6 13. h4 h5 14. Bg5 Be7
15. Bxe7 Qxe7 16. Ng5 e5 17. Qxg6 exd4+ 18. Kf1 Bf5 19. Qxf5 g6 20. Qxg6+ 1-0

[Event "16e Open International - Réunion"]
[Site "Saint-Denis (974)"]
[Date "2014.10.25"]
[Round "9"]
[White "Le Maguet, Loan"]
[Black "Labrande, Mona"]
[Result "1-0"]
[WhiteElo "1280"]
[BlackElo "1200"]
[PlyCount "79"]
[EventDate "2014.??.??"]

1. e4 e5 2. Nf3 Nc6 3. Bb5 a6 4. Ba4 Nf6 5. O-O d5 6. exd5 Qxd5 7. Nxe5 Be7 8.
Nxc6 bxc6 9. Re1 Qd6 10. h3 O-O 11. Nc3 Nd5 12. Bxc6 Qxc6 13. Nxd5 Bb7 14.
Nxe7+ Kh8 15. Nxc6 Bxc6 16. d3 Rfe8 17. Rxe8+ Rxe8 18. Qd2 Re6 19. Qb4 Re8 20.
Qc3 Re6 21. Bf4 Rg6 22. g3 h6 23. Re1 Kh7 24. Re7 f5 25. Rxc7 Be8 26. Be5 f4
27. Rxg7+ Rxg7 28. Bxg7 Kg8 29. Bxh6 Kf7 30. Qc7+ Ke6 31. Qc8+ Bd7 32. Qc4+ Ke7
33. Qxf4 Bxh3 34. Qh4+ Kf7 35. Qxh3 a5 36. Qg2 Kg6 37. Qc6+ Kh5 38. Qf6 Kg4 39.
Qf4+ Kh3 40. Qh4# 1-0

[Event "16e Open International - Réunion"]
[Site "Saint-Denis (974)"]
[Date "2014.10.25"]
[Round "9"]
[White "Lacouture, Alexandre"]
[Black "Sandjivy, Jean Marc"]
[Result "0-1"]
[WhiteElo "1210"]
[BlackElo "1366"]
[PlyCount "64"]
[EventDate "2014.??.??"]

1. e4 c5 2. Nf3 d6 3. Bc4 Bd7 4. Ng5 e6 5. d3 Be7 6. O-O Bxg5 7. Bxg5 Qxg5 8.
a4 Nf6 9. Nc3 Nc6 10. Re1 e5 11. g3 Qh6 12. h4 g5 13. Qc1 Rg8 14. Nb5 O-O-O 15.
Nxd6+ Kc7 16. Nxf7 Qg6 17. Nxd8 Kxd8 18. hxg5 Nh5 19. Bxg8 Qxg8 20. Qd1 Ng7 21.
g6 hxg6 22. Qf3 Nd4 23. Qf6+ Kc8 24. Red1 Bg4 25. Rd2 Nf3+ 26. Kg2 Nxd2 27.
Qxg6 Bf3+ 28. Kg1 Qh8 29. Qg4+ Bxg4 30. f3 Nxf3+ 31. Kf2 Qh2+ 32. Kf1 Bh3# 0-1

[Event "16e Open International - Réunion"]
[Site "Saint-Denis (974)"]
[Date "2014.10.25"]
[Round "9"]
[White "Alex-Geerjanan, Nils"]
[Black "Collet, Marine Celine Theres"]
[Result "0-1"]
[WhiteElo "1009"]
[BlackElo "1009"]
[PlyCount "36"]
[EventDate "2014.??.??"]

1. e4 e5 2. Bc4 Nf6 3. Nf3 Nxe4 4. Bxf7+ Kxf7 5. Ng5+ Nxg5 6. O-O Bc5 7. Nc3
Rf8 8. d3 Kg8 9. Qg4 d6 10. Qc4+ Kh8 11. Ne2 Be6 12. Qh4 Nf3+ 13. gxf3 Qxh4 14.
Be3 Rxf3 15. Bxc5 dxc5 16. Kh1 Bd5 17. Nc3 Rxf2+ 18. Kg1 Qxh2# 0-1